MESTSKÁ KNIŽNICA GIRALTOVCE  - online katalóg 

Normal view MARC view

Entry Personal Name

Number of records used in: 1

001 - CONTROL NUMBER

  • control field: 3688

003 - CONTROL NUMBER IDENTIFIER

  • control field: OSt

005 - DATE AND TIME OF LATEST TRANSACTION

  • control field: 20221012102338.0

008 - FIXED-LENGTH DATA ELEMENTS

  • fixed length control field: 221012|| aca||aabn | a|a d

040 ## - CATALOGING SOURCE

  • Original cataloging agency: OSt
  • Transcribing agency: OSt

100 ## - HEADING--PERSONAL NAME

  • Personal name: Feather, Jane,
  • Dates associated with a name: 1945-
  • Title of a work: Diamantové pokušenie

670 ## - SOURCE DATA FOUND

  • Source citation: Work cat.: (OSt)0: Feather, Jane, 1945- aut 3685, Zafírové zvádzanie

Powered by Koha